00479nam a2200109Ia 4500008004100000050002400041100002400065245013600089260008600225300002800311521003000339140724s9999 xx 000 0 und d aHF 5549b.M553 2013 aMercado, Mabelle U. aFactors affecting the motivation of basic education teachers of Southville International School and Colleges /cMabelle U. Mercado. aLas Piñas, Philippines :bSouthville International School and Colleges,cc2013. a81 p. :bill. ;c28 cm. aHuman Resource Management